000 00231nam a2200097Ia 4500
005 20251222114410.0
008 251222s1900||||xx |||||||||||||| ||spa||
082 _aDVD0070/C11/2003
245 0 _aRío místico:Mystic River
942 _cDVD
999 _c1991
_d1991